| 000 | 00739nam a2200253Ia 4500 | ||
|---|---|---|---|
| 003 | OSt | ||
| 005 | 20220928114712.0 | ||
| 006 | a|||||r|||| 00| 0 | ||
| 007 | ta | ||
| 008 | 220927b |||||||| |||| 00| 0 eng d | ||
| 020 |
_a9788123716770 _cINR 190.00 |
||
| 024 | _a146410 | ||
| 037 |
_b5039, 20/12/2021, Govinda Book House _cTextual |
||
| 040 |
_aSDCL _cSDCL _beng |
||
| 041 |
_2eng _aeng |
||
| 082 | _aJ3, R0 LR | ||
| 100 |
_aChoudhury Biswajit _9440431 |
||
| 245 | 0 | _aVegetables | |
| 260 |
_aNew Delhi _bNational Book Trust _c2020 |
||
| 300 |
_ax,230p. _ccm. |
||
| 650 | _aReference | ||
| 942 |
_hJ3, R0 LR _cTEXL _2CC |
||
| 999 |
_c756015 _d756015 |
||